[Event "16.Città di Padova Open A"]
[Site "Padova Fornace Carotta"]
[Date "2013.12.21"]
[Round "8.27"]
[White "Zangrando, Gianpietro"]
[Black "Bucchicchio, Giancarlo"]
[Result "0-1"]
[WhiteElo "1847"]
[BlackElo "2061"]
[Annotator "Gabriele Ballarin"]
[PlyCount "58"]
[EventDate "2013.12.15"]
[EventType "swiss"]
[EventRounds "9"]
[EventCountry "ITA"]

1. Nf3 Nf6 2. c4 g6 3. Nc3 Bg7 4. e4 d6 5. d4 c5 6. Be2 O-O 7. O-O Nbd7 8. Rb1 e5 9. dxe5 Nxe5 10. Bg5 h6 11. Bh4 Be6 12. Nd2 g5 13. Bg3 Ng6 14. f4 Nxf4 15. Bxf4 gxf4 16. Rxf4 Nd7 17. Nf3 Ne5 18. Nh4 Qg5 19. g3 Ng6 20. Nxg6 Bd4+ 21. Kh1 fxg6 22. Qd2 Rf7 23. Rbf1 Be5 24. Nd5 Bxd5 25. Qxd5 Bxf4 26. gxf4 Qxd5 27. exd5 Raf8 28. Bg4 Rxf4 29. Be6+ Kg7 0-1

[Event "16.Città di Padova Open A"]
[Site "Padova Fornace Carotta"]
[Date "2013.12.21"]
[Round "8.29"]
[White "Di Lazzaro, Gabriele"]
[Black "Rosina, Graziano"]
[Result "1-0"]
[WhiteElo "1941"]
[BlackElo "1811"]
[Annotator "Gabriele Ballarin"]
[PlyCount "203"]
[EventDate "2013.12.15"]
[EventType "swiss"]
[EventRounds "9"]
[EventCountry "ITA"]

1. d4 d5 2. Nc3 Nf6 3. Bg5 Nbd7 4. Nf3 e6 5. e4 dxe4 6. Nxe4 Be7 7. Nxf6+ Bxf6 8. Be3 O-O 9. Bd3 e5 10. O-O exd4 11. Bxd4 Bxd4 12. Nxd4 Qh4 13. Nf5 Qf6 14. Ng3 Ne5 15. Be4 c6 16. Qe2 Ng6 17. c3 Qh4 18. Rad1 Be6 19. Rd4 Qg5 20. f4 Nxf4 21. Rxf4 c5 22. Ra4 b5 23. Qxb5 Rab8 24. Qf1 Rxb2 25. Rxa7 Bxa2 26. Rb7 Rd2 27. Qf3 Rfd8 28. h4 Rd1+ 29. Kh2 Qe5 30. Rf5 Qd6 31. Qf4 Qxf4 32. Rxf4 Rc1 33. Ra7 Be6 34. Rf3 g6 35. Rd3 Rxd3 36. Bxd3 Rxc3 37. Be2 c4 38. Rc7 Rc2 39. Kg1 c3 40. Kf2 Rc1 41. Bd3 Bg4 42. Ne4 Bf5 43. g4 Be6 44. Ke3 Rh1 45. h5 Kg7 46. hxg6 hxg6 47. g5 Bf5 48. Rxc3 Rg1 49. Rc5 Re1+ 50. Kd4 Rg1 51. Re5 Rg4 52. Ke3 Rg1 53. Be2 Ra1 54. Kf4 Ra4 55. Bf3 Ra7 56. Re8 Bxe4 57. Bxe4 f6 58. Bd5 fxg5+ 59. Kxg5 Rd7 60. Be4 Rc7 61. Bxg6 Rc5+ 62. Bf5 Kf7 63. Rh8 Ke7 64. Rh6 Ra5 65. Rb6 Rc5 66. Re6+ Kf7 67. Rf6+ Ke7 68. Rb6 Kf7 69. Rh6 Ke7 70. Rb6 Kf7 71. Rd6 Ke7 72. Rf6 Rb5 73. Re6+ Kf7 74. Rf6+ Ke7 75. Rh6 Rc5 76. Re6+ Kf7 77. Re4 Rc1 78. Be6+ Ke7 79. Kf5 Rc5+ 80. Kf4 Rc7 81. Ke5 Rc5+ 82. Bd5 Ra5 83. Kd4+ Kf6 84. Re6+ Kf5 85. Re1 Ra4+ 86. Bc4 Kf6 87. Rf1+ Ke7 88. Rf7+ Kd6 89. Rh7 Ra5 90. Rh6+ Ke7 91. Bd5 Ra1 92. Ke5 Re1+ 93. Be4 Rf1 94. Rh7+ Rf7 95. Rh6 Rf1 96. Re6+ Kd7 97. Ra6 Kc7 98. Ra7+ Kb6 99. Rb7+ Kc5 100. Rc7+ Kb6 101. Rc2 Kb5 102. Bd3+ 1-0

[Event "16.Città di Padova Open A"]
[Site "Padova Fornace Carotta"]
[Date "2013.12.21"]
[Round "8.30"]
[White "Sherifaj, Pasho"]
[Black "Franco, Alessandro P"]
[Result "0-1"]
[WhiteElo "1970"]
[BlackElo "1912"]
[Annotator "Gabriele Ballarin"]
[PlyCount "42"]
[EventDate "2013.12.15"]
[EventType "swiss"]
[EventRounds "9"]
[EventCountry "ITA"]

1. e4 c5 2. Nf3 d6 3. d4 cxd4 4. Nxd4 Nf6 5. Nc3 g6 6. f4 Bg7 7. Be3 Nc6 8. Qd2 Qa5 9. O-O-O O-O 10. Kb1 Nxd4 11. Bxd4 Be6 12. a3 Rab8 13. h3 b5 14. Bd3 b4 15. Ne2 Qa4 16. f5 bxa3 17. fxe6 axb2 18. exf7+ Kh8 19. c4 Qa1+ 20. Kc2 Qa2 21. Rb1 Qb3# 0-1

[Event "16.Città di Padova Open A"]
[Site "Padova Fornace Carotta"]
[Date "2013.12.22"]
[Round "9"]
[White "Sherifaj, Pasho"]
[Black "Battagin_214, Mosè"]
[Result "0-1"]
[WhiteElo "1970"]
[BlackElo "1844"]
[Annotator "Gabriele Ballarin"]
[PlyCount "102"]
[EventDate "2013.12.15"]
[EventType "swiss"]
[EventRounds "9"]
[EventCountry "ITA"]

1. e4 d6 2. d4 Nf6 3. Bd3 g6 4. f4 Bg7 5. Nf3 O-O 6. O-O c5 7. c3 Qb6 8. Kh1 cxd4 9. cxd4 Nc6 10. e5 Nd5 11. Bc4 Be6 12. Bb3 Na5 13. Bxd5 Bxd5 14. Nc3 Be6 15. Ng5 Bf5 16. Nd5 Qd8 17. Qe1 dxe5 18. Ne3 exd4 19. Nxf5 gxf5 20. Bd2 Nc4 21. Ne6 fxe6 22. Qxe6+ Kh8 23. Qxc4 Rc8 24. Qb3 Qd7 25. Rae1 Bf6 26. Bb4 Rg8 27. Rf3 Rg7 28. Rd1 Qc6 29. Re1 Qc2 30. g3 Qxb3 31. Rxb3 Kg8 32. Kg2 Rc2+ 33. Kg1 h5 34. Rd1 h4 35. Be1 e6 36. Rd2 Rxd2 37. Bxd2 Rc7 38. Bb4 Rc2 39. h3 hxg3 40. Rxg3+ Kf7 41. Rb3 b6 42. Ba3 Bh4 43. Bd6 Bf2+ 44. Kh1 Be3 45. Bb8 Rf2 46. Bxa7 Bxf4 47. Bxb6 Be3 48. a4 f4 49. a5 f3 50. a6 Rf1+ 51. Kh2 Bf4# 0-1

[Event "16.Città di Padova Open A"]
[Site "Padova Fornace Carotta"]
[Date "2013.12.22"]
[Round "9.13"]
[White "Mrdja, Milan"]
[Black "De Santis, Alessio"]
[Result "1/2-1/2"]
[WhiteElo "2379"]
[BlackElo "2282"]
[Annotator "Gabriele Ballarin"]
[PlyCount "146"]
[EventDate "2013.12.15"]
[EventType "swiss"]
[EventRounds "9"]
[EventCountry "ITA"]

1. e4 b6 2. d4 Bb7 3. Bd3 Nf6 4. Qe2 Nc6 5. c3 e5 6. d5 Ne7 7. Nf3 Ng6 8. g3 Bc5 9. Nbd2 c6 10. dxc6 Bxc6 11. Nb3 Be7 12. Bg5 h6 13. Bxf6 Bxf6 14. O-O-O O-O 15. h4 Re8 16. Kb1 Qc7 17. Nh2 a5 18. Ng4 Be7 19. Ne3 Qb7 20. f3 a4 21. Nd2 b5 22. a3 Nf8 23. Ndf1 Ne6 24. Bc2 Nc7 25. Nd5 Bc5 26. Nfe3 Bxe3 27. Nxc7 Qxc7 28. Qxe3 Rad8 29. Rh2 d6 30. Rhd2 Rd7 31. Kc1 Red8 32. Bb1 d5 33. exd5 Rxd5 34. Rxd5 Rxd5 35. Re1 Rd8 36. Bc2 f6 37. g4 Qd6 38. g5 fxg5 39. hxg5 Bxf3 40. Rg1 e4 41. gxh6 g6 42. Bxe4 Bxe4 43. Qxe4 Kh7 44. Qe3 Rd7 45. Re1 Qd5 46. Kb1 Qb3 47. Kc1 Qd5 48. Kb1 Qb3 49. Qe2 Qd5 50. Ka1 Qb3 51. Qg4 Qd5 52. Rg1 Qf5 53. Qg2 Qh5 54. Qf1 Qf5 55. Qc1 Qf3 56. Rf1 Qd5 57. Qf4 Qb3 58. Qg5 Qd5 59. Qf6 Qd3 60. Ka2 Qd5+ 61. Ka1 Qd2 62. Rg1 Qd3 63. Qe6 Qf5 64. Qc6 Qd3 65. c4 bxc4 66. Rc1 Rf7 67. Qxa4 Rf1 68. Rxf1 Qxf1+ 69. Ka2 Qd3 70. Qa7+ Kxh6 71. a4 Qb3+ 72. Ka1 Qd1+ 73. Ka2 Qb3+ 1/2-1/2

[Event "16.Città di Padova Open A"]
[Site "Padova Fornace Carotta"]
[Date "2013.12.22"]
[Round "9.14"]
[White "Boscolo, Federico Meneguolo"]
[Black "Moroni, Luca Jr"]
[Result "0-1"]
[WhiteElo "2295"]
[BlackElo "2229"]
[Annotator "Gabriele Ballarin"]
[PlyCount "134"]
[EventDate "2013.12.15"]
[EventType "swiss"]
[EventRounds "9"]
[EventCountry "ITA"]

1. e4 e6 2. d3 c5 3. Nf3 Nc6 4. g3 d6 5. Bg2 Nge7 6. O-O g6 7. c3 Bg7 8. d4 cxd4 9. cxd4 d5 10. e5 O-O 11. Nc3 Bd7 12. Bg5 h6 13. Bf4 Nf5 14. g4 Nh4 15. Nxh4 Qxh4 16. Rc1 Qe7 17. Qd2 g5 18. Be3 f6 19. exf6 Qxf6 20. Ne2 Qe7 21. a3 Bf6 22. h3 Qg7 23. Rcd1 Ne7 24. Ng3 Bb5 25. Nh5 Qf7 26. Rfe1 Ng6 27. f4 gxf4 28. Nxf4 Bh4 29. Nh5 Kh7 30. Bxh6 Qf2+ 31. Kh1 Qxd2 32. Bxd2 Bxe1 33. Rxe1 Rf2 34. Bg5 Rc8 35. a4 Bxa4 36. Bf1 Bc2 37. Kg1 Rcf8 38. Be3 R2f7 39. g5 Nh4 40. Rc1 Nf3+ 41. Kh1 Nxg5 42. Bg2 Bg6 43. Bxg5 Bxh5 44. Re1 Bf3 45. Rxe6 Bxg2+ 46. Kxg2 Rf2+ 47. Kg3 Rxb2 48. Rh6+ Kg7 49. Rd6 Rf7 50. Rxd5 b5 51. Bf4 a5 52. Rd6 a4 53. Be5+ Kh7 54. Ra6 Rb1 55. Kh4 Rg1 56. Rb6 a3 57. Rb8 Re1 58. Kg5 Rxe5+ 59. dxe5 Ra7 60. e6 a2 61. e7 Rxe7 62. Ra8 Re2 63. Ra7+ Kg8 64. h4 b4 65. h5 b3 66. Ra8+ Kf7 67. Ra7+ Re7 0-1

[Event "16.Città di Padova Open A"]
[Site "Padova Fornace Carotta"]
[Date "2013.12.22"]
[Round "9.15"]
[White "Fierro Baquero, Martha Lorena"]
[Black "Laketic, Gojko"]
[Result "1/2-1/2"]
[WhiteElo "2362"]
[BlackElo "2447"]
[Annotator "Gabriele Ballarin"]
[PlyCount "20"]
[EventDate "2013.12.15"]
[EventType "swiss"]
[EventRounds "9"]
[EventCountry "ITA"]

1. e4 e5 2. Nf3 Nc6 3. Bb5 a6 4. Ba4 Nf6 5. O-O Be7 6. d3 d6 7. c3 O-O 8. Nbd2 b5 9. Bb3 Na5 10. Bc2 c5 1/2-1/2

[Event "16.Città di Padova Open A"]
[Site "Padova Fornace Carotta"]
[Date "2013.12.22"]
[Round "9.16"]
[White "Del Monaco, Andrea"]
[Black "Massironi, Marco"]
[Result "1/2-1/2"]
[WhiteElo "2295"]
[BlackElo "2221"]
[Annotator "Gabriele Ballarin"]
[PlyCount "84"]
[EventDate "2013.12.15"]
[EventType "swiss"]
[EventRounds "9"]
[EventCountry "ITA"]

1. c4 Nf6 2. Nf3 g6 3. Nc3 d5 4. cxd5 Nxd5 5. g3 Bg7 6. Bg2 Nb6 7. d4 O-O 8. O-O Nc6 9. d5 Bxc3 10. dxc6 Bg7 11. Bf4 Qxd1 12. Raxd1 bxc6 13. Bxc7 Ba6 14. Bxb6 axb6 15. Rd2 Bb5 16. b3 Rad8 17. Rfd1 Rxd2 18. Rxd2 c5 19. Bf1 Bc3 20. Rd1 Ra8 21. a4 Bc6 22. Bg2 b5 23. Rc1 b4 24. Ne1 Bxg2 25. Kxg2 c4 26. bxc4 Rxa4 27. Nd3 Ra8 28. c5 Rc8 29. Kf3 f5 30. e3 e5 31. e4 Rd8 32. Ne1 Kf7 33. c6 Ke6 34. c7 Rc8 35. Nd3 fxe4+ 36. Kxe4 Rxc7 37. Nxb4 Rc4+ 38. Kf3 Rxb4 39. Rxc3 h5 40. h3 Kf5 41. Ra3 Rc4 42. Re3 Rb4 1/2-1/2

[Event "16.Città di Padova Open A"]
[Site "Padova Fornace Carotta"]
[Date "2013.12.22"]
[Round "9.17"]
[White "Fregonese, Giulio"]
[Black "Viaggi, Stefano"]
[Result "0-1"]
[WhiteElo "2200"]
[BlackElo "2033"]
[Annotator "Gabriele Ballarin"]
[PlyCount "164"]
[EventDate "2013.12.15"]
[EventType "swiss"]
[EventRounds "9"]
[EventCountry "ITA"]

1. e4 g6 2. d4 Bg7 3. Nf3 d6 4. c3 e6 5. Bg5 Ne7 6. Qd2 h6 7. Be3 Nd7 8. Na3 a6 9. Nc2 b6 10. Bd3 Bb7 11. Ng1 c5 12. f3 Nc6 13. Nh3 O-O 14. Nf2 Kh7 15. h4 e5 16. d5 Ne7 17. h5 g5 18. c4 Bc8 19. Nh3 Ng8 20. a3 Rb8 21. Qe2 b5 22. b3 bxc4 23. bxc4 Nb6 24. Nf2 Bd7 25. Bd2 Na4 26. Ne3 f5 27. Rc1 f4 28. Nf5 Qc7 29. Ng4 Rb2 30. Qd1 Rb7 31. Bc2 Nb2 32. Qe2 Rfb8 33. Rb1 Na4 34. Rxb7 Rxb7 35. Kf2 Qb8 36. Bc1 Nb6 37. g3 Bxf5 38. exf5 fxg3+ 39. Kxg3 Nf6 40. Bd2 Nbd7 41. Bc3 Qe8 42. Kf2 Kh8 43. Ke1 Qb8 44. Kd2 Kh7 45. Kc1 Bf8 46. Nf2 Qe8 47. Ne4 Nxe4 48. fxe4 Nf6 49. Kd2 Be7 50. Kd3 Bd8 51. Qd1 g4 52. Bd2 Rg7 53. Qc1 Ng8 54. Qb1 g3 55. Bd1 g2 56. Rg1 Rg3+ 57. Kc2 Qa4+ 58. Kc1 Qxc4+ 59. Bc2 Qf1+ 60. Kb2 Qxb1+ 61. Kxb1 c4 62. Be1 Bb6 63. Bxg3 Bxg1 64. Bd1 Bd4 65. Bh2 g1=Q 66. Bxg1 Bxg1 67. Be2 c3 68. Bxa6 Nf6 69. Kc2 Bd4 70. Bd3 Nxh5 71. Be2 Nf4 72. Bf3 Kg7 73. a4 h5 74. a5 h4 75. a6 h3 76. a7 Bxa7 77. Kxc3 Bf2 78. Kd2 Kf6 79. Kd1 h2 80. Kd2 Kg5 81. Kd1 Bg3 82. Kd2 Nh3 0-1

[Event "16.Città di Padova Open A"]
[Site "Padova Fornace Carotta"]
[Date "2013.12.22"]
[Round "9.18"]
[White "Redo, Giorgio"]
[Black "Xia, Jie"]
[Result "0-1"]
[WhiteElo "2084"]
[BlackElo "2280"]
[Annotator "Gabriele Ballarin"]
[PlyCount "106"]
[EventDate "2013.12.15"]
[EventType "swiss"]
[EventRounds "9"]
[EventCountry "ITA"]

1. d4 Nf6 2. c4 g6 3. Nc3 Bg7 4. Nf3 O-O 5. e4 d6 6. Be2 Nbd7 7. O-O e5 8. dxe5 dxe5 9. Bg5 c6 10. Qd2 Qe7 11. Rad1 Re8 12. a3 a5 13. h3 a4 14. Rfe1 Nc5 15. Bf1 Qc7 16. Qd6 Qxd6 17. Rxd6 Nfd7 18. Be3 Bf8 19. Rdd1 f6 20. g4 Ne6 21. Bd3 Bc5 22. Bc2 Bxe3 23. Rxe3 Nb6 24. Nd2 Nd4 25. Bd3 Be6 26. Rc1 Nd7 27. Ne2 Nxe2+ 28. Bxe2 Red8 29. Kf1 Nc5 30. Ke1 Rd4 31. f3 Rad8 32. Rd1 R8d7 33. Rc3 Kg7 34. Rc2 f5 35. exf5 gxf5 36. Nb1 Rxd1+ 37. Bxd1 Nd3+ 38. Ke2 Nf4+ 39. Ke1 Nxh3 40. gxf5 Bxf5 41. Rg2+ Kf6 42. Nc3 Rd4 43. c5 Nf4 44. Rd2 Nd3+ 45. Ke2 Nxc5 46. Rxd4 exd4 47. Nxa4 Nxa4 48. Bxa4 Ke5 49. b4 h5 50. b5 cxb5 51. Bxb5 h4 52. a4 b6 53. Kf2 Kf4 0-1

[Event "16.Città di Padova Open A"]
[Site "Padova Fornace Carotta"]
[Date "2013.12.22"]
[Round "9.19"]
[White "Lantini, Marco"]
[Black "Brunello, Marina"]
[Result "1-0"]
[WhiteElo "2089"]
[BlackElo "2259"]
[Annotator "Gabriele Ballarin"]
[PlyCount "89"]
[EventDate "2013.12.15"]
[EventType "swiss"]
[EventRounds "9"]
[EventCountry "ITA"]

1. d4 d5 2. c4 c6 3. Nf3 Nf6 4. e3 Bf5 5. Nc3 e6 6. Nh4 Bg4 7. Qb3 Qc7 8. Bd2 Nbd7 9. h3 Bh5 10. cxd5 exd5 11. Bd3 Bg6 12. Nxg6 hxg6 13. Rc1 Nb6 14. O-O Be7 15. f4 Rd8 16. a4 Nc8 17. Qc2 O-O 18. Be1 Rfe8 19. Rf3 Rd7 20. Nd1 Nd6 21. b4 Qd8 22. Nf2 Bf8 23. Ng4 Nxg4 24. hxg4 a6 25. Rh3 Ne4 26. b5 axb5 27. axb5 Re6 28. f5 Re8 29. bxc6 bxc6 30. fxg6 fxg6 31. Qxc6 Rd6 32. Qc2 Qg5 33. Qd1 Nf6 34. Be2 Ne4 35. Bh4 Qh6 36. Bd8 Rexd8 37. Rxh6 gxh6 38. Bf3 Nf6 39. Rc7 Re6 40. Qd3 Ne8 41. Ra7 Bg7 42. Qb3 Red6 43. Qb7 Kh8 44. Bd1 Re6 45. Ba4 1-0

[Event "16.Città di Padova Open A"]
[Site "Padova Fornace Carotta"]
[Date "2013.12.22"]
[Round "9.20"]
[White "Messina, Roberta"]
[Black "Quaranta, Cristiano"]
[Result "1/2-1/2"]
[WhiteElo "2066"]
[BlackElo "2169"]
[Annotator "Gabriele Ballarin"]
[PlyCount "27"]
[EventDate "2013.12.15"]
[EventType "swiss"]
[EventRounds "9"]
[EventCountry "ITA"]

1. Nf3 c5 2. c4 Nf6 3. g3 b6 4. Bg2 Bb7 5. O-O g6 6. b3 Bg7 7. Bb2 O-O 8. d3 d6 9. Qc2 Nbd7 10. Nc3 a6 11. a3 Rc8 12. e4 e6 13. Rfe1 Rc7 14. Rad1 1/2-1/2

[Event "16.Città di Padova Open A"]
[Site "Padova Fornace Carotta"]
[Date "2013.12.22"]
[Round "9.21"]
[White "Santolini, Luigi"]
[Black "Cardili, Mariano"]
[Result "1/2-1/2"]
[WhiteElo "2122"]
[BlackElo "2106"]
[Annotator "Gabriele Ballarin"]
[PlyCount "146"]
[EventDate "2013.12.15"]
[EventType "swiss"]
[EventRounds "9"]
[EventCountry "ITA"]

1. d4 d5 2. c4 c6 3. Nc3 Nf6 4. e3 e6 5. Nf3 Nbd7 6. b3 Bd6 7. Be2 O-O 8. O-O b6 9. Bb2 Bb7 10. Bd3 Qe7 11. Qe2 Rfd8 12. Rad1 h6 13. e4 dxe4 14. Nxe4 Nxe4 15. Bxe4 Nf6 16. Bb1 c5 17. dxc5 Bxc5 18. Ne5 Rxd1 19. Rxd1 Rd8 20. Kf1 Rxd1+ 21. Qxd1 Ne4 22. Bxe4 Bxe4 23. Qd2 Qd6 24. Qxd6 Bxd6 25. g3 f6 26. Ng4 Bb1 27. a3 Ba2 28. b4 Bxc4+ 29. Ke1 Kf7 30. Ne3 Bb5 31. Kd2 h5 32. Nc2 g5 33. Ke3 a5 34. Bc3 a4 35. Nd4 Bd7 36. Ne2 e5 37. Bb2 Ke6 38. Nc3 f5 39. f3 g4 40. fxg4 hxg4 41. Bc1 f4+ 42. Kf2 Bc6 43. Bd2 b5 44. Ne2 f3 45. Nc3 Kf5 46. Be3 Bf8 47. Bd2 Bg7 48. Be3 e4 49. Nd1 Bd5 50. Bc5 Ke6 51. Ke3 Bh6+ 52. Kd4 Bc1 53. Kc3 Bb3 54. Nf2 e3 55. Nxg4 Bd2+ 56. Kd3 Bc4+ 57. Kc2 f2 58. Nxf2 exf2 59. Bxf2 Bg5 60. Bd4 Be2 61. Kb2 Bf6 62. Kc3 Bxd4+ 63. Kxd4 Kf5 64. Kc5 Bf1 65. h4 Kg4 66. Kb6 Bd3 67. Kc5 Kxg3 68. h5 Kf4 69. h6 Ke3 70. h7 Bxh7 71. Kxb5 Bc2 72. Kc4 Kd2 73. b5 Bd3+ 1/2-1/2

[Event "16.Città di Padova Open A"]
[Site "Padova Fornace Carotta"]
[Date "2013.12.22"]
[Round "9.22"]
[White "Movileanu, Daniela"]
[Black "Gallo, Enrico"]
[Result "1-0"]
[WhiteElo "2051"]
[BlackElo "2108"]
[Annotator "Gabriele Ballarin"]
[PlyCount "69"]
[EventDate "2013.12.15"]
[EventType "swiss"]
[EventRounds "9"]
[EventCountry "ITA"]

1. e4 e6 2. d4 d5 3. Nd2 Nf6 4. e5 Nfd7 5. Bd3 c5 6. c3 Nc6 7. Ne2 cxd4 8. cxd4 f6 9. exf6 Nxf6 10. Nf3 Bd6 11. O-O Qc7 12. Bg5 O-O 13. Qc2 Qf7 14. Bf4 Nb4 15. Qb3 Bxf4 16. Nxf4 Nxd3 17. Nxd3 b6 18. Nde5 Qh5 19. a4 Ba6 20. Rfe1 Ne4 21. a5 Rab8 22. Nd7 Bc4 23. Qe3 Qf5 24. Nxb8 Rxb8 25. Ne5 Bb5 26. axb6 axb6 27. Ra7 Rf8 28. f3 Nf6 29. Rc1 Nh5 30. g4 Qf4 31. Qxf4 Nxf4 32. Rcc7 Ne2+ 33. Kf2 Rf6 34. Rc8+ Rf8 35. Raa8 1-0

[Event "16.Città di Padova Open A"]
[Site "Padova Fornace Carotta"]
[Date "2013.12.22"]
[Round "9.23"]
[White "Laurenti, Stefano"]
[Black "Andreoni, Giuseppe"]
[Result "0-1"]
[WhiteElo "2106"]
[BlackElo "2103"]
[Annotator "Gabriele Ballarin"]
[PlyCount "118"]
[EventDate "2013.12.15"]
[EventType "swiss"]
[EventRounds "9"]
[EventCountry "ITA"]

1. e4 c5 2. Nf3 d6 3. d4 cxd4 4. Nxd4 Nf6 5. Nc3 a6 6. Bc4 e6 7. Bb3 Be7 8. O-O O-O 9. Be3 Nbd7 10. f4 Qc7 11. Qf3 Nc5 12. g4 b5 13. e5 Bb7 14. exf6 Bxf3 15. fxe7 Qxe7 16. Nxf3 Rac8 17. Rae1 Qb7 18. Nd4 Rfd8 19. Nce2 a5 20. c3 Nd3 21. Rb1 Qe4 22. Bd2 Qb7 23. Bc2 Nc5 24. Nb3 Ne4 25. Be3 a4 26. Nd2 Nxd2 27. Bxd2 Qd5 28. Be3 Qxa2 29. Bd3 Qd5 30. Rbd1 Qb7 31. Bd4 e5 32. fxe5 dxe5 33. Bxe5 Rxd3 34. Rxd3 Qe4 35. Rfd1 f6 36. Bxf6 Qxe2 37. Bd4 Qxg4+ 38. Kh1 Qe4+ 39. Kg1 Rc6 40. Rg3 Rg6 41. Rf1 {=} h5 42. Rf2 h4 43. Rxg6 Qxg6+ 44. Kf1 Qd3+ 45. Re2 b4 46. Be5 b3 47. c4 Qxc4 48. Kf2 g5 49. Kf3 Kf7 50. Kf2 Kg6 51. Re3 Qc2+ 52. Re2 Kf5 53. Bd4 Qd3 54. Bg7 g4 55. Bh8 g3+ 56. hxg3 hxg3+ 57. Ke1 Qb1+ 58. Kd2 Qc2+ 59. Ke1 Qc1# 0-1

[Event "16.Città di Padova Open A"]
[Site "Padova Fornace Carotta"]
[Date "2013.12.22"]
[Round "9.24"]
[White "Giuriato, Sergio"]
[Black "Dorigo, Tommaso"]
[Result "0-1"]
[WhiteElo "1963"]
[BlackElo "1996"]
[Annotator "Gabriele Ballarin"]
[PlyCount "90"]
[EventDate "2013.12.15"]
[EventType "swiss"]
[EventRounds "9"]
[EventCountry "ITA"]

1. d4 d5 2. c4 c6 3. Nf3 Nf6 4. e3 Bf5 5. Nc3 e6 6. Nh4 Bg4 7. f3 Ne4 8. g3 Nxc3 9. bxc3 Bh5 10. Ng2 Bg6 11. Nf4 Bf5 12. Qb3 Qb6 13. c5 Qc7 14. g4 Bg6 15. h4 h6 16. c4 Nd7 17. cxd5 exd5 18. Kf2 Bh7 19. Bd3 Bxd3 20. Qxd3 b6 21. cxb6 axb6 22. e4 Bd6 23. e5 Bb4 24. e6 Nf6 25. exf7+ Qxf7 26. Kg2 O-O 27. Ng6 Rfe8 28. Ne5 Qc7 29. g5 Rxe5 30. gxf6 Re6 31. fxg7 Qe7 32. Bf4 Re2+ 33. Kh3 Qd7+ 34. Kg3 Qxg7+ 35. Bg5 Bd6+ 36. Kg4 h5+ 37. Kxh5 Re6 38. f4 Qf7+ 39. Kg4 Ra3 40. Qd2 Qd7 41. Kh5 Qe8+ 42. Kg4 Re2 43. Rhe1 Qd7+ 44. f5 Rg3+ 45. Kh5 Qf7+ 0-1

[Event "16.Città di Padova Open A"]
[Site "Padova Fornace Carotta"]
[Date "2013.12.22"]
[Round "9.26"]
[White "Franco, Alessandro P"]
[Black "Di Lazzaro, Gabriele"]
[Result "0-1"]
[WhiteElo "1912"]
[BlackElo "1941"]
[Annotator "Gabriele Ballarin"]
[PlyCount "40"]
[EventDate "2013.12.15"]
[EventType "swiss"]
[EventRounds "9"]
[EventCountry "ITA"]

1. e4 d5 2. exd5 Nf6 3. c4 c6 4. d4 cxd5 5. Nc3 g6 6. Nf3 Bg7 7. Be3 O-O 8. Qd2 Nc6 9. O-O-O dxc4 10. Bxc4 Bf5 11. Bh6 Rc8 12. h4 Nb4 13. b3 b5 14. h5 bxc4 15. Bxg7 Kxg7 16. hxg6 Nd3+ 17. Kc2 cxb3+ 18. axb3 Nxf2+ 19. Kb2 Nxd1+ 20. Nxd1 Rc2+ 0-1

[Event "16.Città di Padova Open A"]
[Site "Padova Fornace Carotta"]
[Date "2013.12.22"]
[Round "9.28"]
[White "Rosina, Graziano"]
[Black "Zangrando, Gianpietro"]
[Result "1/2-1/2"]
[WhiteElo "1811"]
[BlackElo "1847"]
[Annotator "Gabriele Ballarin"]
[PlyCount "45"]
[EventDate "2013.12.15"]
[EventType "swiss"]
[EventRounds "9"]
[EventCountry "ITA"]

1. c4 b6 2. Nf3 Bb7 3. g3 f5 4. Bg2 Nf6 5. O-O e6 6. Nc3 Be7 7. d3 O-O 8. Bf4 d6 9. Re1 e5 10. Bd2 Nbd7 11. Nxe5 Bxg2 12. Nxd7 Qxd7 13. Kxg2 Rae8 14. Qa4 c6 15. f4 Qb7 16. e4 Nd7 17. b4 fxe4 18. dxe4 Bf6 19. Rad1 Bd4 20. Qc2 Nf6 21. Ne2 Rxe4 22. Nxd4 Rxd4 23. c5 1/2-1/2

[Event "74. C.to Provinciale PD-ROV"]
[Site "Monselice ITA"]
[Date "2014.01.24"]
[Round "1.1"]
[White "De Marchi, Alessandro"]
[Black "Lodici, Lorenzo"]
[Result "0-1"]
[WhiteElo "1716"]
[BlackElo "2097"]
[Annotator "Gabriele Ballarin"]
[PlyCount "36"]
[EventDate "2014.01.24"]
[EventType "swiss"]
[EventRounds "5"]
[EventCountry "ITA"]

1. c4 e5 2. g3 c6 3. d4 e4 4. Bg2 d5 5. Nc3 h6 6. Qa4 dxc4 7. Qxc4 Be6 8. Qa4 f5 9. Nh3 Nf6 10. Nf4 Bf7 11. h4 Bd6 12. Be3 Nbd7 13. O-O-O b5 14. Qa6 Nb6 15. d5 Bxf4 16. gxf4 Nfxd5 17. Bc5 Qc8 18. f3 Qxa6 0-1

[Event "74. C.to Provinciale PD-ROV"]
[Site "Monselice ITA"]
[Date "2014.01.24"]
[Round "1.2"]
[White "Viaggi, Stefano"]
[Black "Chianale, Angelo"]
[Result "1-0"]
[WhiteElo "2058"]
[BlackElo "1702"]
[Annotator "Gabriele Ballarin"]
[PlyCount "79"]
[EventDate "2014.01.24"]
[EventType "swiss"]
[EventRounds "5"]
[EventCountry "ITA"]

1. d4 f5 2. Bf4 Nf6 3. e3 g6 4. h3 Bg7 5. Bc4 e6 6. Nc3 d6 7. Nf3 O-O 8. Rg1 Kh8 9. g4 Nc6 10. gxf5 exf5 11. h4 d5 12. Be2 Ne4 13. Nb5 Rf7 14. h5 a6 15. hxg6 hxg6 16. Ng5 Nxg5 17. Bxg5 Bf6 18. Bxf6+ Rxf6 19. Nc3 Kg7 20. f4 Be6 21. Qd2 Rf8 22. O-O-O Rh8 23. Rg5 Qe7 24. Rdg1 Rh6 25. Bf3 Rah8 26. Nxd5 Bxd5 27. Bxd5 Nb4 28. Bb3 c6 29. a3 Nd5 30. Bxd5 cxd5 31. Kb1 Qd6 32. Rxf5 Rh2 33. Qd3 Rh1 34. Rfg5 Rxg1+ 35. Rxg1 Kf7 36. f5 gxf5 37. Qxf5+ Ke7 38. Rg6 Qd8 39. Qe5+ Kf7 40. Qg7+ 1-0

[Event "74. C.to Provinciale PD-ROV"]
[Site "Monselice ITA"]
[Date "2014.01.24"]
[Round "1.3"]
[White "Simonetto, Alessio"]
[Black "Rigo, Gianfrancesco"]
[Result "0-1"]
[WhiteElo "1700"]
[BlackElo "2013"]
[Annotator "Gabriele Ballarin"]
[PlyCount "50"]
[EventDate "2014.01.24"]
[EventType "swiss"]
[EventRounds "5"]
[EventCountry "ITA"]

1. e4 c5 2. Nf3 g6 3. d4 cxd4 4. Nxd4 Nc6 5. Nc3 Bg7 6. Nb3 Nf6 7. Be3 d6 8. h3 Be6 9. Qd2 Rc8 10. f4 a6 11. Bd3 Na5 12. Nxa5 Qxa5 13. Ne2 Qa4 14. Bd4 Qc6 15. Qe3 O-O 16. O-O Bc4 17. b3 Bxd3 18. cxd3 Qb5 19. g4 e5 20. Bc3 exf4 21. Qxf4 Nd5 22. exd5 Bxc3 23. Nxc3 Rxc3 24. Qxd6 Qxd3 25. Qh2 Qxd5 0-1

[Event "74. C.to Provinciale PD-ROV"]
[Site "Monselice ITA"]
[Date "2014.01.24"]
[Round "1.4"]
[White "Carini, Massimo"]
[Black "Aliberti, Nicola"]
[Result "1-0"]
[WhiteElo "1953"]
[BlackElo "1696"]
[Annotator "Gabriele Ballarin"]
[PlyCount "123"]
[EventDate "2014.01.24"]
[EventType "swiss"]
[EventRounds "5"]
[EventCountry "ITA"]

1. e4 c5 2. c3 g6 3. d4 cxd4 4. cxd4 d6 5. Nc3 Bg7 6. Be3 Nf6 7. h3 a6 8. Bd3 O-O 9. Nf3 b5 10. O-O Bb7 11. a3 Nc6 12. b4 Nd7 13. Rc1 Rc8 14. Qb3 Nb6 15. a4 bxa4 16. Nxa4 Nxa4 17. Qxa4 Qb6 18. b5 axb5 19. Qxb5 Qxb5 20. Bxb5 Nb4 21. d5 Na2 22. Rxc8 Rxc8 23. Nd4 Nb4 24. Rb1 Na6 25. Nc6 Kf8 26. Na7 Ra8 27. Bf1 Bxd5 28. exd5 Nc5 29. Nc6 Ne4 30. Rb8+ Rxb8 31. Nxb8 e6 32. Bc4 exd5 33. Bxd5 Nc3 34. Bf3 d5 35. Nc6 f5 36. Bd4 Bxd4 37. Nxd4 Ke7 38. Ne2 Nxe2+ 39. Bxe2 Kf6 40. Bf3 Ke5 41. Kf1 Kd4 42. Ke2 f4 43. Kd2 g5 44. Bg4 Ke4 45. f3+ Kd4 46. Bh5 h6 47. Bg6 Kc4 48. Bd3+ Kd4 49. Ba6 h5 50. Bf1 Ke5 51. Kc3 Kf5 52. Kd4 g4 53. h4 gxf3 54. gxf3 Ke6 55. Bd3 Kd6 56. Bg6 Ke6 57. Bxh5 Kd6 58. Bf7 Ke7 59. Bxd5 Kf6 60. Ke4 Kg6 61. Kxf4 Kh5 62. Kg3 1-0